<?xml version="1.0" encoding="UTF-8"?>
<record
    xmlns:xsi="http://www.w3.org/2001/XMLSchema-instance"
    xsi:schemaLocation="http://www.loc.gov/MARC21/slim http://www.loc.gov/standards/marcxml/schema/MARC21slim.xsd"
    xmlns="http://www.loc.gov/MARC21/slim">

  <leader>01650cam a2200385Ia 4500</leader>
  <controlfield tag="001">9209434</controlfield>
  <controlfield tag="003">OSt</controlfield>
  <controlfield tag="005">20170307091942.0</controlfield>
  <controlfield tag="008">111114s2012    nyua          001 0 eng d</controlfield>
  <datafield tag="015" ind1=" " ind2=" ">
    <subfield code="a">GBB1D1021</subfield>
    <subfield code="2">bnb</subfield>
  </datafield>
  <datafield tag="016" ind1="7" ind2=" ">
    <subfield code="a">015968960</subfield>
    <subfield code="2">Uk</subfield>
  </datafield>
  <datafield tag="020" ind1=" " ind2=" ">
    <subfield code="a">9780071764018 (pbk.)</subfield>
  </datafield>
  <datafield tag="020" ind1=" " ind2=" ">
    <subfield code="a">0071764011 (pbk.)</subfield>
  </datafield>
  <datafield tag="035" ind1=" " ind2=" ">
    <subfield code="a">(NNC)9209434</subfield>
  </datafield>
  <datafield tag="040" ind1=" " ind2=" ">
    <subfield code="a">UKMGB</subfield>
    <subfield code="c">UKMGB</subfield>
    <subfield code="d">SGB</subfield>
  </datafield>
  <datafield tag="082" ind1="0" ind2="4">
    <subfield code="a">615.1</subfield>
    <subfield code="2">23</subfield>
    <subfield code="b">BAC</subfield>
  </datafield>
  <datafield tag="245" ind1="0" ind2="0">
    <subfield code="a">Basic &amp; clinical pharmacology /</subfield>
    <subfield code="c">edited by Bertram G. Katzung ; associate editors, Susan B. Masters, Anthony J. Trevor.</subfield>
  </datafield>
  <datafield tag="250" ind1=" " ind2=" ">
    <subfield code="a">12th ed.</subfield>
  </datafield>
  <datafield tag="260" ind1=" " ind2=" ">
    <subfield code="a">New York :</subfield>
    <subfield code="b">McGraw-Hill Medical ;</subfield>
    <subfield code="a">London :</subfield>
    <subfield code="b">McGraw-Hill [distributor],</subfield>
    <subfield code="c">2012.</subfield>
  </datafield>
  <datafield tag="300" ind1=" " ind2=" ">
    <subfield code="a">xiii, 1229 p. :</subfield>
    <subfield code="b">col. ill. ; 28 cm.</subfield>
  </datafield>
  <datafield tag="490" ind1="1" ind2=" ">
    <subfield code="a">A Lange medical book</subfield>
  </datafield>
  <datafield tag="500" ind1=" " ind2=" ">
    <subfield code="a">Previous ed.: 2009.</subfield>
  </datafield>
  <datafield tag="504" ind1=" " ind2=" ">
    <subfield code="a">Includes bibliographical references and index.</subfield>
  </datafield>
  <datafield tag="505" ind1="2" ind2=" ">
    <subfield code="a">Basic principles -- Autonomic drugs -- Cardiovascular-renal drugs -- Drugs with important actions on smooth muscle -- Drugs that act in the central nervous system -- Drugs used to treat diseases of the blood, inflammation, &amp; gout -- Endocrine drugs -- Chemotherapeutic drugs -- Toxicology -- Special topics.</subfield>
  </datafield>
  <datafield tag="520" ind1=" " ind2=" ">
    <subfield code="a">Looks at the essential conepts in the science of pharmacology and its application to clinical practice.</subfield>
  </datafield>
  <datafield tag="650" ind1=" " ind2="0">
    <subfield code="a">Clinical pharmacology.</subfield>
    <subfield code="9">57431</subfield>
  </datafield>
  <datafield tag="650" ind1=" " ind2="0">
    <subfield code="a">Pharmacology.</subfield>
    <subfield code="9">57432</subfield>
  </datafield>
  <datafield tag="650" ind1="1" ind2="2">
    <subfield code="a">Pharmacology, Clinical.</subfield>
    <subfield code="9">57433</subfield>
  </datafield>
  <datafield tag="650" ind1="2" ind2="2">
    <subfield code="a">Pharmacology.</subfield>
    <subfield code="9">57432</subfield>
  </datafield>
  <datafield tag="700" ind1="1" ind2=" ">
    <subfield code="a">Katzung, Bertram G.</subfield>
    <subfield code="9">38756</subfield>
  </datafield>
  <datafield tag="700" ind1="1" ind2=" ">
    <subfield code="a">Masters, Susan B.</subfield>
    <subfield code="9">38757</subfield>
  </datafield>
  <datafield tag="700" ind1="1" ind2=" ">
    <subfield code="a">Trevor, Anthony J.</subfield>
    <subfield code="9">38754</subfield>
  </datafield>
  <datafield tag="830" ind1=" " ind2="0">
    <subfield code="a">Lange medical book.</subfield>
    <subfield code="9">38780</subfield>
  </datafield>
  <datafield tag="942" ind1=" " ind2=" ">
    <subfield code="2">ddc</subfield>
    <subfield code="c">BOOK</subfield>
  </datafield>
  <datafield tag="999" ind1=" " ind2=" ">
    <subfield code="c">31645</subfield>
    <subfield code="d">266145</subfield>
  </datafield>
  <datafield tag="952" ind1=" " ind2=" ">
    <subfield code="1">0</subfield>
    <subfield code="2">2013-10-31</subfield>
    <subfield code="4">0</subfield>
    <subfield code="7">1</subfield>
    <subfield code="a">615.1 BAC</subfield>
    <subfield code="d">2013-10-31</subfield>
    <subfield code="h">CL</subfield>
    <subfield code="i">00403234</subfield>
    <subfield code="m">CL</subfield>
    <subfield code="q">2017-02-05</subfield>
    <subfield code="r">2017-03-06 00:00:00</subfield>
    <subfield code="t">BOOK</subfield>
    <subfield code="w">ddc</subfield>
    <subfield code="y">4</subfield>
  </datafield>
  <datafield tag="952" ind1=" " ind2=" ">
    <subfield code="1">0</subfield>
    <subfield code="2">2013-10-31</subfield>
    <subfield code="4">0</subfield>
    <subfield code="7">0</subfield>
    <subfield code="a">615.1 BAC</subfield>
    <subfield code="d">2013-10-31</subfield>
    <subfield code="h">CL</subfield>
    <subfield code="i">00403236</subfield>
    <subfield code="m">CL</subfield>
    <subfield code="q">2017-02-07</subfield>
    <subfield code="r">2017-03-06 00:00:00</subfield>
    <subfield code="t">BOOK</subfield>
    <subfield code="w">ddc</subfield>
    <subfield code="y">2</subfield>
  </datafield>
  <datafield tag="952" ind1=" " ind2=" ">
    <subfield code="1">0</subfield>
    <subfield code="2">2013-10-31</subfield>
    <subfield code="4">0</subfield>
    <subfield code="7">0</subfield>
    <subfield code="a">615.1 BAC</subfield>
    <subfield code="d">2013-10-31</subfield>
    <subfield code="h">SZM</subfield>
    <subfield code="i">00403237</subfield>
    <subfield code="m">SZM</subfield>
    <subfield code="r">2013-10-31 00:00:00</subfield>
    <subfield code="t">BOOK</subfield>
    <subfield code="w">ddc</subfield>
    <subfield code="y">0</subfield>
  </datafield>
  <datafield tag="952" ind1=" " ind2=" ">
    <subfield code="1">0</subfield>
    <subfield code="2">2013-10-31</subfield>
    <subfield code="4">0</subfield>
    <subfield code="7">0</subfield>
    <subfield code="a">615.1 BAC</subfield>
    <subfield code="d">2013-10-31</subfield>
    <subfield code="h">SZM</subfield>
    <subfield code="i">00403238</subfield>
    <subfield code="m">SZM</subfield>
    <subfield code="r">2013-10-31 00:00:00</subfield>
    <subfield code="t">BOOK</subfield>
    <subfield code="w">ddc</subfield>
    <subfield code="y">0</subfield>
  </datafield>
  <datafield tag="952" ind1=" " ind2=" ">
    <subfield code="1">0</subfield>
    <subfield code="2">2013-11-03</subfield>
    <subfield code="4">0</subfield>
    <subfield code="7">0</subfield>
    <subfield code="a">615.1 BAC</subfield>
    <subfield code="d">2013-11-03</subfield>
    <subfield code="h">CL</subfield>
    <subfield code="i">00404583</subfield>
    <subfield code="m">CL</subfield>
    <subfield code="q">2017-02-05</subfield>
    <subfield code="r">2017-03-06 00:00:00</subfield>
    <subfield code="t">BOOK</subfield>
    <subfield code="w">ddc</subfield>
    <subfield code="y">2</subfield>
  </datafield>
  <datafield tag="952" ind1=" " ind2=" ">
    <subfield code="1">0</subfield>
    <subfield code="2">2013-11-03</subfield>
    <subfield code="4">0</subfield>
    <subfield code="7">0</subfield>
    <subfield code="a">615.1 BAC</subfield>
    <subfield code="d">2013-11-03</subfield>
    <subfield code="h">CL</subfield>
    <subfield code="i">00404584</subfield>
    <subfield code="m">CL</subfield>
    <subfield code="q">2018-01-22</subfield>
    <subfield code="r">2018-02-18 00:00:00</subfield>
    <subfield code="t">BOOK</subfield>
    <subfield code="w">ddc</subfield>
    <subfield code="y">4</subfield>
  </datafield>
  <datafield tag="952" ind1=" " ind2=" ">
    <subfield code="1">0</subfield>
    <subfield code="2">2013-11-03</subfield>
    <subfield code="4">0</subfield>
    <subfield code="7">0</subfield>
    <subfield code="a">615.1 BAC</subfield>
    <subfield code="d">2013-11-03</subfield>
    <subfield code="h">CL</subfield>
    <subfield code="i">00404585</subfield>
    <subfield code="m">CL</subfield>
    <subfield code="q">2017-03-06</subfield>
    <subfield code="r">2017-03-06 00:00:00</subfield>
    <subfield code="t">BOOK</subfield>
    <subfield code="w">ddc</subfield>
    <subfield code="y">5</subfield>
  </datafield>
  <datafield tag="952" ind1=" " ind2=" ">
    <subfield code="1">0</subfield>
    <subfield code="2">2013-11-03</subfield>
    <subfield code="4">0</subfield>
    <subfield code="7">0</subfield>
    <subfield code="a">615.1 BAC</subfield>
    <subfield code="d">2013-11-03</subfield>
    <subfield code="h">SZM</subfield>
    <subfield code="i">00404586</subfield>
    <subfield code="m">SZM</subfield>
    <subfield code="r">2013-11-03 00:00:00</subfield>
    <subfield code="t">BOOK</subfield>
    <subfield code="w">ddc</subfield>
    <subfield code="y">0</subfield>
  </datafield>
  <datafield tag="952" ind1=" " ind2=" ">
    <subfield code="1">0</subfield>
    <subfield code="2">2013-11-03</subfield>
    <subfield code="4">0</subfield>
    <subfield code="7">0</subfield>
    <subfield code="a">615.1 BAC</subfield>
    <subfield code="d">2013-11-03</subfield>
    <subfield code="h">SZM</subfield>
    <subfield code="i">00404587</subfield>
    <subfield code="m">SZM</subfield>
    <subfield code="r">2013-11-03 00:00:00</subfield>
    <subfield code="t">BOOK</subfield>
    <subfield code="w">ddc</subfield>
    <subfield code="y">0</subfield>
  </datafield>
</record>
